=LDR 00000nam 2200000 4500 =001 INLIS000000000029741 =005 20130612131940 =008 ***********************************Ind** =035 ##$$a0010-061300000029741 =041 ##$$a Ind =082 ##$$a 796.092 019 =090 ##$$a 796.092 019, Adi m =100 ##$$a Adisasmito, Lilik Sudarmati =245 ##$$a Mental juara, modal atlet berprestasi, Lilik Sudarwati Adisasmito =260 ##$$a 2007 $b Jakarta =300 ##$$a xxiii, 149 hlm, ilus, 21 cm =650 ##$$a Atlit-Psikologi =850 ##$$a NBPNMAT =990 ##$$a 0001/BPAP-NTB/20142014